Hình luật đặc biệt Việt Nam : Khao cứu các tội phạm từ tội đại hình tới tội vi cảnh chiếu các bản văn lập pháp Việt Nam hiện hành

Sách gồm 6 phần trình bày các trọng tội và khinh tội, các sự xâm phạm tới nhân thân, các trọng tội đối với quyền sở hữu, các hủy hoại và phung phí, các tội vi cảnh.

Spremljeno u:
Bibliografski detalji
Glavni autor: Hà, Như Vinh
Format: Knjiga
Jezik:Undetermined
Izdano: Sài Gòn Tác giả xuất bản 1969
Teme:
Oznake: Dodaj oznaku
Bez oznaka, Budi prvi tko označuje ovaj zapis!
Thư viện lưu trữ: Trung tâm Học liệu Trường Đại học Cần Thơ
LEADER 00977nam a2200205Ia 4500
001 CTU_204648
008 210402s9999 xx 000 0 und d
082 |a 345.597 
082 |b V312 
100 |a Hà, Như Vinh 
245 0 |a Hình luật đặc biệt Việt Nam : 
245 0 |b Khao cứu các tội phạm từ tội đại hình tới tội vi cảnh chiếu các bản văn lập pháp Việt Nam hiện hành 
245 0 |c Hà Như Vinh 
260 |a Sài Gòn 
260 |b Tác giả xuất bản 
260 |c 1969 
520 |a Sách gồm 6 phần trình bày các trọng tội và khinh tội, các sự xâm phạm tới nhân thân, các trọng tội đối với quyền sở hữu, các hủy hoại và phung phí, các tội vi cảnh. 
650 |a Criminal law,Luật hình sự 
904 |i Hải 
980 |a Trung tâm Học liệu Trường Đại học Cần Thơ